Servicios y mantenimiento de hoteles y residencias / (Record no. 25285)
[ view plain ]
| 000 -CABECERA | |
|---|---|
| campo de control de longitud fija | 00572nam a2200169 a 4500 |
| 001 - NÚMERO DE CONTROL | |
| campo de control | 000025793 |
| 005 - FECHA Y HORA DE LA ÚLTIMA TRANSACCIÓN | |
| campo de control | 20200930024043.0 |
| 008 - DATOS DE LONGITUD FIJA--INFORMACIÓN GENERAL | |
| campo de control de longitud fija | 110217s1976 sp a r 000 | spa d |
| 040 ## - FUENTE DE LA CATALOGACIÓN | |
| Centro catalogador/agencia de origen | DO-SdBNP |
| Lengua de catalogación | spa |
| Centro/agencia transcriptor | BNPHU |
| 082 ## - NÚMERO DE LA CLASIFICACIÓN DECIMAL DEWEY | |
| Número de clasificación | xxxxx |
| Número de documento/Ítem | H966s, |
| 049 ## - FONDOS LOCALES (OCLC) | |
| Fondos de biblioteca | BNGR |
| 100 1# - ENTRADA PRINCIPAL--NOMBRE DE PERSONA | |
| Nombre de persona | Hurst, Rosemary, |
| 9 (RLIN) | 52600 |
| 245 10 - MENCIÓN DE TÍTULO | |
| Título | Servicios y mantenimiento de hoteles y residencias / |
| Mención de responsabilidad, etc. | Rosemary Hurst, traducción, revisión y adaptación por José María Zunzunegui. |
| 260 ## - PUBLICACIÓN, DISTRIBUCIÓN, ETC. | |
| Lugar de publicación, distribución, etc. | Madrid : |
| Nombre del editor, distribuidor, etc. | Paraninfo, |
| Fecha de publicación, distribución, etc. | 1976. |
| 300 ## - DESCRIPCIÓN FÍSICA | |
| Extensión | 198 p. : |
| Otras características físicas | il. ; |
| Dimensiones | 22 cm. |
| 700 1# - PUNTO DE ACCESO ADICIONAL--NOMBRE DE PERSONA | |
| Nombre de persona | Zunzunegui, José María, |
| 9 (RLIN) | 52601 |
| Estado de retiro | Estado de pérdida | Restricciones de uso | No para préstamo | Código de colección | Localización permanente | Ubicación/localización actual | Ubicación en estantería | Fecha de adquisición | Número de inventario | Total de préstamos | Signatura topográfica completa | Código de barras | Fecha visto por última vez | Precio válido a partir de | Tipo de ítem Koha |
|---|---|---|---|---|---|---|---|---|---|---|---|---|---|---|---|
| Excluido de préstamo | Monografías: Libros y Folletos | General | General | En catalogación | 22.02.2011 | LF1 | xxxxx H966s, | 25793-10 | 25.06.2020 | 25.06.2020 | No se presta |
